Horticultura y floricultura sin tierra : (Record no. 8018)

000 -CABECERA
fixed length control field 00994nam a22002297a 4500
003 - IDENTIFICADOR DEL NÚMERO DE CONTROL
control field AR-CdUCM
008 - DATOS DE LONGITUD FIJA--INFORMACIÓN GENERAL
fixed length control field 190322b ||||| |||| 00| 0 spa d
040 ## - FUENTE DE LA CATALOGACIÓN
Agencia/entidad que catalogó originalmente la obra MUNICIPALIDAD PROVINCIAL DEL CUSCO
Entidad que transcribió la catalogación BIBLIOTECA MUNICIPAL DEL CUSCO
082 ## - NÚMERO DE LA CLASIFICACIÓN DECIMAL DEWEY
No. de Clasificación 635 /
Notacion interna T94
100 ## - ENTRADA PRINCIPAL--NOMBRE DE PERSONA
Nombre Personal Turner, Wayne I.
245 ## - MENCIÓN DE TÍTULO
Título Horticultura y floricultura sin tierra :
Resto del título Cultivo de plantas científicamente controlado /
260 ## - PUBLICACIÓN, DISTRIBUCIÓN, ETC.
Lugar de publicación, distribución, etc. México :
Nombre de la editorial, distribuidor, etc. Edit. Hispano Americana,
Fecha de publicación, distribución, etc. 1968.
300 ## - DESCRIPCIÓN FÍSICA
Nº de Páginas Extensión 190 paginas ;
Otros detalles físicos Ilustraciones,
Dimensiones 17 cm.
440 ## - MENCIÓN DE SERIE/PUNTO DE ACCESO ADICIONAL--TÍTULO
Título Manuales UTHEA
9 (RLIN) 21348
505 ## - NOTA DE CONTENIDO CON FORMATO
Nota de contenido formateada Contenido :Ideas generales sobre el cultivo en soluciones nutritivas --Ventajas económicas --Adaptación del universo al cultivo de soluciones nutritivas --Cultivo de pequeña escala --Nociones de química y de calculo de las soluciones nutritivas ...
650 ## - PUNTO DE ACCESO ADICIONAL DE MATERIA--TÉRMINO DE MATERIA
Descriptor Tierra
9 (RLIN) 337
650 ## - PUNTO DE ACCESO ADICIONAL DE MATERIA--TÉRMINO DE MATERIA
Descriptor Horticultura
9 (RLIN) 19445
650 ## - PUNTO DE ACCESO ADICIONAL DE MATERIA--TÉRMINO DE MATERIA
Descriptor Floricultura
9 (RLIN) 22663
700 ## - PUNTO DE ACCESO ADICIONAL--NOMBRE DE PERSONA
Nombre Personal Victor M. Henry
9 (RLIN) 22664
942 ## - ELEMENTOS DE PUNTO DE ACCESO ADICIONAL (KOHA)
Fuente de clasificación
Tipo de item Libros-BMC
945 ## - PROCESAMIENTO DE INFORMACIÓN LOCAL (OCLC)
Catalogador rjall
Holdings
Estado de retiro (separado) Fuente de clasificación o esquema de estanterías Estado dañado Ubicación Sala donde se ubica Nombre de la colección Fecha de adquisición o compra Costo, precio normal en soles Signatura topográfica Código de Barras Última vez visto (Koha) Tipo de ítem (Koha)
No     Sala Ciencias Sala Ciencias Book Cart 2019-03-22 15.00 635 / T94 SC0000000992 2019-03-22 Libros-BMC

Powered by Koha